LEADER 01087nam a2200241 a 4500 001 000000104311 003 CaOOAMICUS 005 20070314160629.0 008 070314s2005 it m 000 0 ita d 040 $aPUL$b $dLDB 100 1 $aRipullo, Maria Concetta.$0(OLS)http://pul/name/64026 245 10$aSulla fenomenologia della creazione artistica /$cMaria Concetta Ripullo. 260 $aRoma :$bPontificia Universitą Lateranense,$c2005. 300 $a 159 p. ;$c24 cm 500 $aIn testa al front. : Theses ad Doctoratum in Philosophia. 502 $aDiss. (Doct.)--Pontificia Universitą Lateranense, 2005. 504 $aBibliografia: p. 139-160. 650 14$aArte e filosofia.$0(OLS)http://pul/subject/22689 850 $aPUL 852 $aPUL$W1$xDP1 Tesi Pon Univ. Lateranense$y41$mTH PUL 1414$j116686$qTesi$B116682$CPULBib$Z2$F116682 $H101020 $82 941 1 $a16 996 $6245$aSulla fenomenologia della creazione artistica$9(OLS)http://pul/title/131188 996 $6260$aRoma :$bPontificia Universitą Lateranense$9(OLS)http://pul/publisher/47963 LEADER 01537nam a2200301 a 4500 001 000000135260 003 CaOOAMICUS 005 20130902143712.0 008 130902s2012 it u000 u ita r 020 $a978-88-348-3842-6 040 $aPUL$bita 082 04$a341.48 100 1 $aDi Stasi, Angela.$0(OLS)http://pul/name/87145 245 13$aIl diritto all'equo processo nella CEDU e nella Convenzione americana sui diritti umani :$banalogie, dissonanze e profili di convergenza giurisprudenziale /$cAngela Di Stasi ; con la collaborazione di Gaetano D'Avino ... [et al.]. 260 $aTorino :$bG. Giappichelli,$c©2012. 300 $aXIV, 332 p. ;$c24 cm 504 $aBibliografia p. [277]-311. 650 4$aDiritti umani$zEuropa.$0(OLS)http://pul/subject/25882 650 4$aDiritti umani$xTutela internazionale.$0(OLS)http://pul/subject/20165 700 1 $aD'Avino, Gaetano.$0(OLS)http://pul/name/87146 850 $aPUL 852 $aPUL$W1$xSL Diritto e Scienze Sociali 3$y79$m341. 48 DISAN 1$j155844$qDDC 21$B155279$CPULBib$Z2$F155279 $H122844 $82 941 1 $a9 996 $6020$a978-88-348-3842-6$9(OLS)http://pul/number/153447 996 $6082$a341.48$9(OLS)http://pul/classification/1879 996 $6245$aIl diritto all'equo processo nella CEDU e nella Convenzione americana sui diritti umani :$banalogie, dissonanze e profili di convergenza giurisprudenziale$9(OLS)http://pul/title/171047 996 $6260$aTorino :$bG. Giappichelli$9(OLS)http://pul/publisher/49130